• 首页
  • 本馆介绍
  • 公告通知
  • 最新文献
  • 馆藏检索
  • 电子资源
  • 读者导购
  • 参考咨询
  • 我的图书馆
  • 登录
  • 详细信息显示
  • 放入我的书架
  • 预约/预借图书
  • 作者相关作品
  • 分类相关作品
  • 丛书相关作品
  • 出版社相关作品

书目信息

  • 表格格式
  • 工作单格式
  • 卡片格式
题名:
山海经校注
    
 
作者: 袁珂 校注
分册:  
出版信息: 上海   上海古籍出版社  1980
页数: 495页
开本: 21cm
丛书名:
单 册:
中图分类: K928.6 , I207
科图分类:
主题词: 文学--中国
电子资源:
ISBN:
000 00630nam0 2200241 450
001 1575831648
005 20150123210415.40
010    @dCNY2.40
091    @a10186.121
100    @a19941102d1980 kemy0chiy0110 ea
101 0  @achi
102    @aCN@b310000
105    @aa cz 000ay
200 1  @a山海经校注@9shan hai jing jiao zhu@e十八卷@f袁珂校注
210    @a上海@c上海古籍出版社@d1980
215    @a495页@c图@d21cm
605    @a山海经@x校勘
606 0  @a文学@x中国
690    @aK928.6@v5
690    @aI207@v4
701  0 @a袁珂@9yuan ke@f(1916.7~2001.7)@4校注
801  0 @aCN@bTSSF@c20150123
905    @aZUCC@dI207@eJY77
    
    山海经校注:十八卷/袁珂校注.-上海:上海古籍出版社,1980
    495页:图;21cm
    
    
    ISBN :CNY2.40
    
●
相关链接 在E读中查询图书 在五车中查询图书 在当当中查询图书 在豆瓣中查询图书


正题名:山海经校注     索取号:I207/JY77         预约/预借

序号 登录号 条形码 馆藏地/架位号 状态 备注
1 7842118   278421183   学院路分馆/ [索取号:I207/JY77] 在馆    
唐山师范学院图书馆 欢迎您!
大连网信软件有限公司© 版权所有